Reversal of heart disease : (Record no. 132464)

MARC details
000 -LEADER
fixed length control field 00808nam a22002417a 4500
005 - DATE AND TIME OF LATEST TRANSACTION
control field 20180115144021.0
008 - FIXED-LENGTH DATA ELEMENTS--GENERAL INFORMATION
fixed length control field 180115b xxu||||| |||| 00| 0 eng d
010 ## - LCCN (DPL NO)
LC control number B-007243 B-077576
020 ## - INTERNATIONAL STANDARD BOOK NUMBER
Terms of availability 400.00
International Standard Book Number 8187643013
035 ## - SYSTEM CONTROL NUMBER
System control number B-007243
035 ## - SYSTEM CONTROL NUMBER
System control number B-077576
037 ## - SOURCE OF ACQUISITION
Source of stock number/acquisition Cen Lib/Ret
040 ## - CATALOGING SOURCE
Original cataloging agency DPL
Language of cataloging EN
082 ## - DEWEY DECIMAL CLASSIFICATION NUMBER
Classification number 616.12
Item number CHH
100 ## - MAIN ENTRY--PERSONAL NAME
Personal name Chhajer, Bimal
9 (RLIN) 108635
245 ## - TITLE STATEMENT
Title Reversal of heart disease :
Statement of responsibility, etc by Bimal Chhajer
Remainder of title in five easy steps /
260 ## - PUBLICATION, DISTRIBUTION, ETC. (IMPRINT)
Place of publication, distribution, etc New Delhi
Name of publisher, distributor, etc Saaol Publications
Date of publication, distribution, etc 2000
270 ## - ADDRESS
Address 14/84 Vikram Vihar, Lajpat Nagar-IV
City New Delhi
Postal code 110024
300 ## - PHYSICAL DESCRIPTION
Extent 396p. :
Dimensions 24cm(Hb)
Other physical details col. ill.
650 ## - SUBJECT ADDED ENTRY--TOPICAL TERM
Topical term or geographic name as entry element Coronary heart disease--Diet therapy
9 (RLIN) 34787
650 ## - SUBJECT ADDED ENTRY--TOPICAL TERM
Topical term or geographic name as entry element Heart--Diseases--Prevention
9 (RLIN) 108636
942 ## - ADDED ENTRY ELEMENTS (KOHA)
Source of classification or shelving scheme Dewey Decimal Classification
Item type English Books
Classification part 616.12
Call number suffix CHH
Holdings
Withdrawn status Lost status Damaged status Not for loan Home library Current library Date acquired Source of acquisition Cost, normal purchase price Total Checkouts Full call number Barcode Date last seen Copy number Cost, replacement price Koha item type Source of classification or shelving scheme Collection code
        Central Library Central Library 22/07/2015 Cen Lib/Ret 400.00   616.12 CHH B-007243 22/07/2015 1 400.00 English Books    
        Central Library Central Library 05/11/2016 Cen Lib/Ret   2 616.12 CHH B-181227 13/04/2024 2   English Books Dewey Decimal Classification  
        Central Library Central Library 15/01/2018 Cen Lib/Ret 500.00   616.12 CHH B-077576 16/01/2018 1 500.00 English Books Dewey Decimal Classification Non-fiction

© Delhi Public Library
Hit Counter
free hit counter